| 000 | 00601nam a2200193 i 4500 | ||
|---|---|---|---|
| 001 | 125347 | ||
| 003 | ES-MaACL | ||
| 005 | 20250822062551.0 | ||
| 007 | t| | ||
| 008 | 070605s1918 sp ||||1| spa d | ||
| 100 | 1 |
_aVerdes Montenegro y Montoro, José, _d1865-1939 _9114027 |
|
| 245 | 1 | 0 |
_aApuntes de psicología científica / _cpor José Verdes Montenegro y Montoro. |
| 250 | _a5ª ed. | ||
| 260 |
_aMadrid : _b[s.n.], _c1918 ( _fSucesores de Hernando) |
||
| 300 |
_a244 p. ; _c23 cm. |
||
| 650 | 7 |
_aPsicología _2embne _916540 |
|
| 852 | 4 |
_aES-MaACL _jB-3490 |
|
| 999 |
_c125347 _d125347 |
||